000 00304nam a22001457a 4500
008 221108b ||||| |||| 00| 0 eng d
020 _a0669889717
041 _aeng
080 _a159.9
082 _a159.9
100 _a25
101 _aPSI
245 _aCHILD PSYCHOLOGY
_cMEYER W
942 _2udc
_cBK
999 _c58779
_d58779